000 02949nam a2200373 a 4500
001 ebr10657822
003 CaPaEBR
006 m o u
007 cr cn|||||||||
008 120803s2013 enkabd sb 001 0 eng d
010 _z 2012029598
020 _z9781119952749 (cloth)
020 _z9781119952732 (pbk.)
020 _z9781118411063 (e-book)
040 _aCaPaEBR
_cCaPaEBR
035 _a(OCoLC)847636970
050 1 4 _aHV5053
_b.A463 2013eb
082 0 4 _a364.2/4
_223
245 0 0 _aAlcohol-related violence
_h[electronic resource] :
_bprevention and treatment /
_cedited by Mary McMurran.
260 _aChichester, West Sussex, U.K. :
_bJohn Wiley & Sons Inc.,
_c2013.
300 _axvii, 349 p. :
_bill., map.
490 0 _aWiley series in forensic clinical psychology
504 _aIncludes bibliographical references and index.
505 0 _aAbout the editor -- About the contributors -- Foreword / Kathryn Gaham -- Series editors' preface -- A. The extent of the problem -- The problem of alcohol-related violence : an epidemiological and public health perspective / Ingeborg Rossow and Elin K. Bye -- Alcohol and violence : an international perspective / Fernanda Cestaro Prado Cortez & Danilo A. Baltieri -- B. Understanding the problem -- Alcohol and aggression : theories and mechanisms / Peter R. Giancola -- Alcohol and violence in evolutionary perspective / Russil Durrant -- Alcohol and violence in developmental perspective / Rick Howard & Mary McMurran -- Prevention -- Alcohol-related violence as alcohol-related crime : policing, policy and the law / Gavin Dingwall -- Barroom approaches to prevention / Alasdair J.M. Forsyth -- Treatment -- Interventions with children and families / Donald Forrester & Georgia Glynn -- Treatments for offenders of intimate partner violence / Caroline J. Easton -- Alcohol arrest-referral / Katie McCracken & Franco Sassi -- Treatments for offenders in prison and the community / Mary McMurran -- Treatment for alcohol-related sexual violence / Ruth E. Mann & Mark Farmer -- Treatments for offenders with dual diagnosis / Amy Cohn & Kim T. Mueser -- Alcohol use and offending in people with intellectual disability / William R. Lindsay, Samantha Tinsley, & Medhat Emara -- Treatments for alcohol-related impaired driving / Thomas G. Brown & Marie Claude Ouimet -- E. Conclusion -- Alcohol-related violence : an end-note / Mary McMurran -- Index.
533 _aElectronic reproduction.
_bPalo Alto, Calif. :
_cebrary,
_d2015.
_nAvailable via World Wide Web.
_nAccess may be limited to ebrary affiliated libraries.
650 0 _aAlcoholism and crime.
650 0 _aViolence.
650 0 _aCrime.
650 0 _aAlcoholism
_xPrevention.
655 7 _aElectronic books.
_2local
700 1 _aMcMurran, Mary.
710 2 _aebrary, Inc.
856 4 0 _uhttp://site.ebrary.com/lib/rucke/Doc?id=10657822
_zAn electronic book accessible through the World Wide Web; click to view
999 _c64896
_d64896